Nezahualcóyotl : el despertar del coyote /
Збережено в:
| Автор: | |
|---|---|
| Формат: | Книга |
| Мова: | Іспанська |
| Опубліковано: |
México :
Océano,
2023, c2023
|
| Серія: | (Grandes Tlatoanis del Imperio ;
2) |
| Предмети: | |
| Теги: |
Немає тегів, Будьте першим, хто поставить тег для цього запису!
|
MARC
| LEADER | 00000nam^a2200000^a^4500 | ||
|---|---|---|---|
| 001 | 000578806 | ||
| 005 | 20250521000000.0 | ||
| 009 | 20260310132516.173 | ||
| 020 | |a 978-607-557-052-5 | ||
| 037 | |a Acervo ITESO - Biblioteca | ||
| 041 | |a ESP | ||
| 082 | |a 863. |b GUA GRA V. 2 | ||
| 100 | |a Guadarrama Collado, Sofía |e (autor) | ||
| 245 | 1 | 0 | |a Nezahualcóyotl : |b el despertar del coyote / |c S. Guadarrama Collado. |
| 264 | 4 | |a México : |b Océano, |c 2023, c2023 | |
| 300 | |a 335 p. | ||
| 336 | |a texto |b txt |2 rdacontenido | ||
| 337 | |a sin mediación |b n |2 rdamedio | ||
| 338 | |a volumen |b nc |2 rdasoporte | ||
| 440 | 1 | |a (Grandes Tlatoanis del Imperio ; |v 2) | |
| 521 | |a FIL 2023 DIA | ||
| 649 | |a XX | ||
| 650 | |a Emperadores Aztecas | ||
| 650 | |a Políticos Aztecas | ||
| 650 | |a Escritores Aztecas | ||
| 650 | |a Indígenas de México | ||
| 650 | |a Sagas Modernas - |z México | ||
| 650 | |a Novela Mexicana | ||
| 650 | |a Literatura Mexicana - |y Siglo XXI | ||
| 650 | |a Literatura de Mujeres - |z México | ||
| 650 | |a Literatura y Política - |z México | ||
| 650 | |a Literatura e Historia - |z México | ||
| 650 | |a Avaricia y Ambición en la Literatura | ||
| 650 | |a Política - |z México - |x Historia - |y Epoca Prehispánica | ||
| 650 | |a México - |x Historia - |y Epoca Prehispánica | ||
| 650 | |a Nezahualcóyotl, Emperador Azteca - |x Tema Principal | ||
| 910 | |a Fondo General | ||
| 920 | |a Impresos - Libros | ||
| 930 | |a Colección General | ||
| 940 | |a Literatura | ||
| 905 | |a 101 | ||
| 901 | |a 0500389785 |b IT1 |c LIT |i C183738 |u 20250521 | ||
| 902 | |a https://opac.biblio.iteso.mx/vufind/Record/000578806 | ||